Historia del estructuralismo : el campo del signo, 1945-1966 /

Guardado en:
Detalles Bibliográficos
Autor principal: Dosse, François (autor)
Formato: Libro
Idioma:Español
Publicado: Madrid, España : Akal, 2004, c2004
Colección:(Akal Universitaria ; Interdisciplinar) 231.
Temas:
Etiquetas: Agrega una etiqueta
Sin etiquetas, Sé el primero en etiquetar este registro!

MARC

LEADER 00000nam^a2200000^a^4500
001 000166775
005 20250521000000.0
009 20260310101103.352
020 |a 84-460-2154-4 
020 |a 84-460-1534-X 
037 |a Acervo ITESO - Biblioteca 
041 |a ESP 
082 |a 300. 1  |b DOS V. 1 
100 |a Dosse, François  |e (autor) 
240 1 1 |a [Historia del estructuralismo] 
245 1 0 |a Historia del estructuralismo :  |b el campo del signo, 1945-1966 /  |c F. Dosse ; tr. por María del Mar Llinares. 
264 4 |a Madrid, España :  |b Akal,  |c 2004, c2004 
300 |a 461 p. 
336 |a texto  |b txt  |2 rdacontenido 
337 |a sin mediación  |b n  |2 rdamedio 
338 |a volumen  |b nc  |2 rdasoporte 
440 1 |a (Akal Universitaria ;  |v 231.  |p Interdisciplinar) 
500 |a Traducción de: Histoire du structuralisme. Le champ du signe, 1945-1966 
649 |a XX 
650 |a Estructuralismo -  |x Historia y Crítica 
650 |a Estructuralismo -  |z Francia -  |x Historia y Crítica 
650 |a Filosofía del Siglo XX 
650 |a Filosofía Francesa -  |x Historia y Crítica 
650 |a Ciencias Sociales -  |z Francia -  |x Historia -  |y Cuarta República, 1946-1958 
650 |a Ciencias Sociales -  |z Francia -  |x Historia -  |y 1958-1969 
650 |a Ciencias Sociales -  |z Francia -  |x Historia -  |y Quinta República, 1958 en Adelante 
650 |a Ciencias Sociales -  |z Francia -  |x Historia -  |y Siglo XX 
650 |a Ciencias Sociales -  |x Historia 
650 |a Ciencias Sociales -  |x Teoría 
650 |a Ciencias Sociales -  |x Filosofía 
910 |a Fondo General 
920 |a Impresos - Libros 
930 |a Colección General 
905 |a 101 
901 |a 0500102116  |b IT1  |c ACC  |u 20250521 
902 |a https://opac.biblio.iteso.mx/vufind/Record/000166775